[Event "TCh-FRA Top 12 2019"]
[Site "Brest FRA"]
[Date "2019.05.24"]
[Round "7.1"]
[Board "4"]
[White "Kosten, Anthony C."]
[Black "Fedorchuk, Sergey A."]
[Result "0-1"]
[WhiteTitle "GM"]
[BlackTitle "GM"]
[WhiteElo "2419"]
[BlackElo "2620"]
[WhiteTeam "C.E.M.C. Monaco"]
[BlackTeam "Club d'Echecs Metz Fischer"]
[WhiteFideId "400114"]
[BlackFideId "14102536"]
[EventDate "2019.05.18"]

1. Nf3 Nf6 2. c4 e6 3. g3 a6 4. Bg2 b5 5. b3 Bb7 6. Nc3 b4 7. Na4 c5 8. O-O Be7
9. d4 cxd4 10. Qxd4 O-O 11. Rd1 Bc6 12. Ne5 Bxg2 13. Kxg2 d6 14. Nb6 Qe8 15. Nf3
Nc6 16. Qd3 Rb8 17. c5 dxc5 18. Qxa6 Nd4 19. Na4 Nb5 20. Ne5 Ra8 21. Qc6 Nd5 22.
Bb2 Bf6 23. Qxe8 Rfxe8 24. Rdc1 Nbc3 25. Nd7 Nxa4 26. Nxf6+ Nxf6 27. bxa4 Nd7
28. a3 b3 29. Rc3 Reb8 30. Rd1 Rb7 31. Rdd3 Rba7 32. Rd6 Rb8 33. Rdd3 Rba8 34.
Rd6 Rb8 35. Rdd3 Rab7 36. a5 Kf8 37. a6 Ra7 38. Rxb3 Rxb3 39. Rxb3 Rxa6 40. Rd3
Ra7 41. Rd6 Rb7 42. Bc1 Rc7 43. a4 Ke7 44. Rd2 Ra7 45. Ra2 Kd6 46. a5 Kc6 47.
Bd2 Nb8 48. Kf3 Rb7 49. g4 Na6 50. h4 Nb4 51. Ra4 Kb5 52. Ra1 Ra7 53. Bc3 g6 54.
e4 Kc4 55. Be5 Nc6 56. Rc1+ Kb5 57. Bc3 Nxa5 58. Ra1 Nc6 59. Rxa7 Nxa7 60. Kf4
Kc4 61. Ba1 Kd3 62. Ke5 Nc6+ 63. Kf6 Kxe4 64. Kxf7 Ne5+ 65. Kg7 Nxg4 66. Kxh7
Kf5 67. f3 Nh2 0-1

[Event "TCh-FRA Top 12 2019"]
[Site "Brest FRA"]
[Date "2019.05.24"]
[Round "7.1"]
[Board "5"]
[White "Balogh, Csaba"]
[Black "Sulava, Nenad"]
[Result "1-0"]
[WhiteTitle "GM"]
[BlackTitle "GM"]
[WhiteElo "2598"]
[BlackElo "2422"]
[WhiteTeam "Club d'Echecs Metz Fischer"]
[BlackTeam "C.E.M.C. Monaco"]
[WhiteFideId "718939"]
[BlackFideId "14500205"]
[EventDate "2019.05.18"]

1. e4 e5 2. Nf3 Nc6 3. Bb5 a6 4. Ba4 d6 5. O-O Bd7 6. c3 g6 7. d4 Bg7 8. d5 Nce7
9. Bxd7+ Qxd7 10. c4 h6 11. Nc3 f5 12. Ne1 Nf6 13. f3 O-O 14. Nd3 g5 15. exf5
Qxf5 16. Nf2 b5 17. Qe2 c6 18. dxc6 bxc4 19. Qxc4+ d5 20. Qc5 Qe6 21. c7 Rfc8
22. Rd1 Bf8 23. Ng4 Nxg4 24. fxg4 Qxg4 25. Be3 d4 26. Qc4+ Kg7 27. Rxd4 exd4 28.
Bxd4+ Kg6 29. Rf1 Nf5 30. Qe6+ Kh7 31. Ne4 Bg7 32. Bxg7 Kxg7 33. Qe5+ Kg6 34. h3 1-0

[Event "TCh-FRA Top 12 2019"]
[Site "Brest FRA"]
[Date "2019.05.24"]
[Round "7.1"]
[Board "6"]
[White "Leconte, Maria"]
[Black "Vitoux, Colomban"]
[Result "1/2-1/2"]
[WhiteTitle "WGM"]
[BlackTitle "IM"]
[WhiteElo "2246"]
[BlackElo "2384"]
[WhiteTeam "C.E.M.C. Monaco"]
[BlackTeam "Club d'Echecs Metz Fischer"]
[WhiteFideId "618446"]
[BlackFideId "628549"]
[EventDate "2019.05.18"]

1. e4 c5 2. Nf3 Nc6 3. c3 e5 4. Bc4 Be7 5. O-O Nf6 6. Qe2 O-O 7. d3 d5 8. exd5
Nxd5 9. Nxe5 Nxe5 10. Qxe5 Nb6 11. Bf4 Nxc4 12. dxc4 Be6 13. Nd2 Qd3 14. Rfe1
Rad8 15. Ne4 Qxc4 16. b3 Qd5 17. h3 Qxe5 18. Bxe5 Rd5 19. Bf4 Rfd8 20. Re2 g5
21. Be3 Bf5 22. f3 f6 23. Kf2 Re5 24. Ng3 Bg6 25. Rae1 Kf7 26. f4 gxf4 27. Bxf4
Rxe2+ 28. Rxe2 c4 29. b4 a5 30. a3 Bd3 31. Rd2 axb4 32. axb4 Ra8 33. Be3 f5 34.
Ne2 Ra1 35. Bd4 Bg5 36. Be3 Bf6 37. Bd4 Bg5 38. Be3 Bh4+ 39. g3 Bf6 40. Bd4 Bg5
41. Be3 Bf6 42. Bd4 Bxd4+ 43. Nxd4 Kf6 44. Ke3 Re1+ 45. Kf4 Rf1+ 46. Ke3 Re1+
47. Kf4 Rf1+ 48. Ke3 Rc1 49. Nb5 Ke5 50. Ra2 Re1+ 51. Kf2 Rf1+ 52. Ke3 Rg1 53.
Kf2 Rh1 54. Ra8 Rxh3 55. Re8+ Kd5 56. Rd8+ Ke6 57. Rd6+ Ke5 58. Rb6 Be4 59. Nd6
Bd5 60. Nxb7 Rh2+ 61. Ke1 Rc2 62. Nc5 Rxc3 63. Nd7+ Kd4 64. Rd6 Re3+ 65. Kd1 Re6
66. Rxe6 Bxe6 67. Nf8 Bd5 68. Nxh7 Kc3 69. Nf6 Bf3+ 70. Kc1 Kxb4 71. Nd7 Kc3 72.
Ne5 Be4 73. Ng6 Kd3 74. g4 fxg4 75. Ne5+ Ke3 76. Nxg4+ Kf4 77. Nf6 Bc6 78. Kd2
Kf5 79. Kc3 Kxf6 80. Kxc4 Ke5 1/2-1/2

[Event "TCh-FRA Top 12 2019"]
[Site "Brest FRA"]
[Date "2019.05.24"]
[Round "7.1"]
[Board "8"]
[White "Van Hoolandt, Patrick"]
[Black "Monpeurt, Cyrielle"]
[Result "1-0"]
[WhiteTitle "FM"]
[BlackTitle "WFM"]
[WhiteElo "2127"]
[BlackElo "2166"]
[WhiteTeam "C.E.M.C. Monaco"]
[BlackTeam "Club d'Echecs Metz Fischer"]
[WhiteFideId "200999"]
[BlackFideId "677400"]
[EventDate "2019.05.18"]

1. d4 Nf6 2. c4 e6 3. Nf3 c5 4. d5 b5 5. dxe6 fxe6 6. cxb5 d5 7. Bg5 Be7 8. Nbd2
Bb7 9. e3 O-O 10. Be2 Nbd7 11. Bf4 Nh5 12. Bg3 Nxg3 13. hxg3 e5 14. e4 dxe4 15.
Bc4+ Kh8 16. Nxe5 Qe8 17. Nxd7 Bg5 18. Nxf8 Qxf8 19. Qc2 Rd8 20. Nf3 Bf6 21. Rd1
Re8 22. Nh4 Bxh4 23. Rxh4 h6 24. Rd7 1-0

[Event "TCh-FRA Top 12 2019"]
[Site "Brest FRA"]
[Date "2019.05.24"]
[Round "7.2"]
[Board "1"]
[White "Velten, Paul"]
[Black "Solodovnichenko, Yuri"]
[Result "0-1"]
[WhiteTitle "GM"]
[BlackTitle "GM"]
[WhiteElo "2507"]
[BlackElo "2572"]
[WhiteTeam "T H F Saint-Quentin"]
[BlackTeam "Vandoeuvre-Echecs"]
[WhiteFideId "681091"]
[BlackFideId "14104369"]
[EventDate "2019.05.18"]

1. d4 d5 2. c4 c6 3. e3 Bf5 4. Nc3 e6 5. Nf3 Nd7 6. Bd3 Bxd3 7. Qxd3 Ngf6 8. O-O
Be7 9. Rd1 O-O 10. e4 dxe4 11. Nxe4 Nxe4 12. Qxe4 Re8 13. Be3 Qa5 14. Bd2 Qa6
15. Qc2 Bf6 16. Bg5 Rad8 17. Bxf6 Nxf6 18. b3 Qa5 19. Rd2 Qf5 20. Re1 Qf4 21.
Re3 Re7 22. g3 Qc7 23. Kg2 Red7 24. Red3 Rd6 25. Rd1 Qa5 26. Qe2 h6 27. h3 Qf5
28. Re3 Qa5 29. Red3 a6 30. Qe1 Qxe1 31. Nxe1 g5 32. Kf3 R6d7 33. Ke3 Ne8 34.
Nc2 Nd6 35. c5 Nb5 36. a4 Nc7 37. Ke2 Nd5 38. Ne3 f6 39. Kf3 e5 40. Nf5 Nb4 41.
R3d2 exd4 42. Rxd4 Rxd4 43. Rxd4 Rxd4 44. Nxd4 Nd3 45. Ne6 Nc1 46. Ke3 Nxb3 47.
Kd3 Kf7 48. Nd8+ Ke7 49. Nxb7 f5 50. Kc3 Nc1 51. Kd4 f4 52. gxf4 Ne2+ 53. Ke4
Nxf4 54. h4 Ne6 55. hxg5 Nxg5+ 56. Kf5 Ne6 57. Na5 Nxc5 58. Nxc6+ Kd6 59. Na5
Nd3 60. f3 Kc5 61. Kg6 Ne5+ 62. Kxh6 Nxf3 63. Kg6 Nd2 64. Nb7+ Kb4 65. Kf5 Nb3
66. Ke4 Kxa4 67. Kd3 Kb4 68. Kc2 Nd4+ 69. Kb2 Nf5 70. Ka2 Ne7 71. Kb2 Nc6 72.
Ka2 Ne5 73. Kb2 Nf7 74. Ka2 Kb5 75. Kb3 Kb6 76. Nc5 Kxc5 77. Ka4 Kb6 0-1

[Event "TCh-FRA Top 12 2019"]
[Site "Brest FRA"]
[Date "2019.05.24"]
[Round "7.2"]
[Board "2"]
[White "Donchenko, Alexander"]
[Black "Marcelin, Cyril"]
[Result "1-0"]
[WhiteTitle "GM"]
[BlackTitle "GM"]
[WhiteElo "2595"]
[BlackElo "2451"]
[WhiteTeam "Vandoeuvre-Echecs"]
[BlackTeam "T H F Saint-Quentin"]
[WhiteFideId "24603295"]
[BlackFideId "607274"]
[EventDate "2019.05.18"]

1. c4 e6 2. g3 d5 3. Bg2 dxc4 4. Qa4+ Nd7 5. Qxc4 a6 6. Qc2 Ngf6 7. Nf3 Bd6 8.
O-O O-O 9. d4 c5 10. Rd1 Qc7 11. dxc5 Bxc5 12. Nd4 Qb6 13. e3 Ne5 14. Nb3 Be7
15. Bd2 a5 16. Bc3 a4 17. Nd4 Bd7 18. Nf5 exf5 19. Bxe5 Qe6 20. Bd4 Rfc8 21. Nc3
Bc6 22. Qe2 Bxg2 23. Kxg2 a3 24. Kg1 Qc4 25. Qxc4 Rxc4 26. Rab1 Rac8 27. bxa3
Rxc3 28. Bxc3 Rxc3 29. Rxb7 Kf8 30. Rb8+ Ne8 31. Rd7 Rxa3 32. Rbb7 Bf6 33. Rxf7+
Kg8 34. Ra7 Rxa2 35. Rxg7+ Nxg7 36. Rxa2 Kf7 37. Ra6 Kg6 38. Kg2 h5 39. h3 Kf7
40. f4 Ne8 41. Kf3 Be7 42. e4 fxe4+ 43. Kxe4 Bf6 44. Rc6 Be7 45. Ra6 Bf6 46. Rb6
Be7 47. Rc6 Bd8 48. Kf5 Bf6 49. Ke4 Bd8 50. Ke5 Bf6+ 51. Kf5 Ng7+ 52. Ke4 Ne6
53. Kd5 Nf8 54. g4 hxg4 55. hxg4 Be7 56. g5 Bd8 57. Ra6 Be7 58. Ra7 Ng6 59. f5
Kg8 60. fxg6 Bxg5 61. Ke6 Be3 62. Rd7 Bc1 63. Rb7 Bd2 64. Rc7 Be3 65. Rc4 Kg7
66. Kf5 Bb6 67. Rb4 Ba5 68. Rb7+ Kg8 69. g7 Kh7 70. Kf6 Bc3+ 71. Kf7 Bxg7 72.
Rb1 1-0

[Event "TCh-FRA Top 12 2019"]
[Site "Brest FRA"]
[Date "2019.05.24"]
[Round "7.2"]
[Board "3"]
[White "Cossin, Sebastien"]
[Black "Hamitevici, Vladimir"]
[Result "0-1"]
[WhiteTitle "IM"]
[BlackTitle "GM"]
[WhiteElo "2494"]
[BlackElo "2476"]
[WhiteTeam "T H F Saint-Quentin"]
[BlackTeam "Vandoeuvre-Echecs"]
[WhiteFideId "618802"]
[BlackFideId "13902393"]
[EventDate "2019.05.18"]

1. d4 Nf6 2. c4 e6 3. Nf3 b6 4. Nc3 Bb4 5. Bg5 h6 6. Bh4 Bb7 7. Nd2 Nc6 8. e3
Ne7 9. Bxf6 gxf6 10. Qb3 c5 11. a3 Bxc3 12. Qxc3 cxd4 13. Qxd4 Nf5 14. Qd3 Qc7
15. e4 Ne7 16. g3 f5 17. Bg2 f4 18. O-O-O Ng6 19. Kb1 Rc8 20. Rc1 Ke7 21. Nf3
Ne5 22. Nxe5 Qxe5 23. Rhe1 h5 24. Qd2 fxg3 25. hxg3 h4 26. Rcd1 Bc6 27. f4 Qc5
28. gxh4 Rxh4 29. e5 Rh2 30. Re2 Ba4 31. Rc1 Bb3 32. f5 Rh5 33. f6+ Kd8 34. Re4
Rxe5 35. Rd4 d5 36. Rc3 Qxd4 37. Qxd4 Re1+ 38. Rc1 Rxc1+ 39. Kxc1 Rxc4+ 40. Qc3
Kc7 0-1

[Event "TCh-FRA Top 12 2019"]
[Site "Brest FRA"]
[Date "2019.05.24"]
[Round "7.2"]
[Board "5"]
[White "Chabanon, Jean-Luc"]
[Black "Brunner, Nicolas"]
[Result "1-0"]
[WhiteTitle "GM"]
[BlackTitle "IM"]
[WhiteElo "2437"]
[BlackElo "2422"]
[WhiteTeam "T H F Saint-Quentin"]
[BlackTeam "Vandoeuvre-Echecs"]
[WhiteFideId "600075"]
[BlackFideId "620246"]
[EventDate "2019.05.18"]

1. d4 d5 2. c4 e6 3. Nf3 Nf6 4. Nc3 c6 5. e3 Nbd7 6. Bd3 dxc4 7. Bxc4 b5 8. Bd3
Bb7 9. O-O a6 10. e4 c5 11. e5 Nd5 12. Bg5 Qb6 13. Nxd5 Bxd5 14. dxc5 Bxc5 15.
a3 Qb7 16. b4 Bb6 17. a4 bxa4 18. Rxa4 a5 19. bxa5 Rxa5 20. Rxa5 Bxa5 21. Qa4
Qb4 22. Rc1 1-0

[Event "TCh-FRA Top 12 2019"]
[Site "Brest FRA"]
[Date "2019.05.24"]
[Round "7.2"]
[Board "6"]
[White "Nezar, Mustapha"]
[Black "Colin, Vincent"]
[Result "1/2-1/2"]
[WhiteTitle "IM"]
[BlackTitle "IM"]
[WhiteElo "2339"]
[BlackElo "2383"]
[WhiteTeam "Vandoeuvre-Echecs"]
[BlackTeam "T H F Saint-Quentin"]
[WhiteFideId "608637"]
[BlackFideId "612324"]
[EventDate "2019.05.18"]

1. d4 Nf6 2. c4 g6 3. Nc3 Bg7 4. g3 O-O 5. Bg2 d6 6. Nf3 Nbd7 7. O-O e5 8. e4 c6
9. b3 exd4 10. Nxd4 Ng4 11. h3 Qa5 12. Bb2 Nge5 13. f4 c5 14. Nde2 Nc6 15. Kh1
Re8 16. Qxd6 Nd4 17. e5 Bf8 18. Qd5 Nb6 19. Qe4 Bf5 20. Qe3 Nc2 21. Qc1 Nxa1 22.
Qxa1 Rad8 23. g4 Bd3 24. Rf2 Bxe2 25. Rxe2 Rd3 26. Kh2 Red8 27. Bxb7 Qb4 28. Bg2
Rd2 29. Rxd2 Rxd2 30. Ne4 Re2 31. Bc3 Qa3 32. Nf6+ Kh8 33. e6 Rxe6 34. Ne4+ Kg8
35. g5 Nd7 36. Kg3 Qa6 37. Qd1 Qc8 38. Bf3 Qe8 39. Qd5 Nb6 40. Qd3 Nd7 41. Qd5
Nb6 1/2-1/2

[Event "TCh-FRA Top 12 2019"]
[Site "Brest FRA"]
[Date "2019.05.24"]
[Round "7.2"]
[Board "7"]
[White "Brochet, Philippe"]
[Black "Iglesias, Joachim"]
[Result "1-0"]
[WhiteTitle "IM"]
[BlackTitle "FM"]
[WhiteElo "2400"]
[BlackElo "2276"]
[WhiteTeam "T H F Saint-Quentin"]
[BlackTeam "Vandoeuvre-Echecs"]
[WhiteFideId "602469"]
[BlackFideId "637823"]
[EventDate "2019.05.18"]

1. e4 g6 2. d4 d6 3. Nc3 c6 4. a4 Bg7 5. Nf3 Nf6 6. h3 O-O 7. Be3 Qc7 8. Qd2
Nbd7 9. Rd1 b6 10. Bd3 Bb7 11. O-O e5 12. dxe5 dxe5 13. Bc4 Rad8 14. Ng5 Nc5 15.
Qe2 Rxd1 16. Rxd1 Qe7 17. Bxc5 Qxc5 18. Qd3 h6 19. Nxf7 Rxf7 20. Qd8+ Bf8 21.
Bxf7+ Kxf7 22. Qb8 Qe7 23. Qxa7 Qc7 24. Ra1 Bb4 25. Na2 Be7 26. b4 Nxe4 27. Re1
Nd6 28. a5 Nc8 29. axb6 Nxa7 30. bxc7 Bd6 31. c4 Bxc7 32. Nc3 Bc8 33. Ra1 Bb8
34. b5 cxb5 35. cxb5 Bb7 36. Ra4 Ke6 37. Rh4 h5 38. g4 Bf3 39. gxh5 gxh5 40. Ne4
Bxe4 41. Rxe4 Kd5 42. Rb4 Kc5 43. Rh4 Nxb5 44. Rxh5 Nd4 45. h4 Kd5 46. Rh8 Bd6
47. h5 Nf5 48. h6 Nxh6 49. Rxh6 e4 50. Kg2 Bc5 51. Kg3 Bd4 52. Rh5+ Ke6 53. Ra5
Be5+ 54. Kg4 Bd4 55. Ra2 Ke5 56. Re2 Bc5 57. f4+ Kd4 58. Rd2+ Ke3 59. Rd5 Ba3
60. f5 Kf2 61. Rd2+ Ke3 62. Ra2 Be7 63. Ra7 Bc5 64. Ra5 Bb4 65. Rb5 Bf8 66. f6
Kd3 67. Rb8 Bc5 68. Rd8+ Ke2 69. f7 e3 70. f8=Q Bxf8 71. Rxf8 Kd3 72. Kf3 1-0

[Event "TCh-FRA Top 12 2019"]
[Site "Brest FRA"]
[Date "2019.05.24"]
[Round "7.3"]
[Board "1"]
[White "Oleksiyenko, Mykhaylo"]
[Black "Gharamian, Tigran"]
[Result "1/2-1/2"]
[WhiteTitle "GM"]
[BlackTitle "GM"]
[WhiteElo "2595"]
[BlackElo "2602"]
[WhiteTeam "Grasse Echecs"]
[BlackTeam "Nice Alekhine"]
[WhiteFideId "4152417"]
[BlackFideId "13301527"]
[EventDate "2019.05.18"]

1. Nf3 Nf6 2. c4 e6 3. b3 b6 4. Bb2 Bb7 5. g3 Be7 6. Bg2 O-O 7. O-O c5 8. e3 d6
9. Nc3 Nbd7 10. d4 Ne4 11. Ne2 Rc8 12. Nf4 cxd4 13. Nxd4 e5 14. Nf5 exf4 15.
Bxg7 Bf6 16. Bxf8 Qxf8 17. Rc1 Rd8 18. exf4 a5 19. Re1 Ndc5 20. Qc2 d5 21. cxd5
Nd6 22. a3 Nb5 23. Qe2 Nc3 24. Qg4+ Kh8 25. d6 Bxg2 26. Kxg2 Nd3 27. Qf3 Nxc1
28. Rxc1 Nb5 29. d7 Nd4 30. Nxd4 Bxd4 31. Qd5 Bc5 32. Re1 Bxa3 33. Qb5 Be7 34.
Qe5+ Kg8 35. Qxe7 Qxe7 36. Rxe7 Kf8 37. Re5 Rxd7 38. Kh3 Rd3 39. Rb5 Rd6 40. Kg4
Ke7 41. Re5+ Kd7 42. h4 Kc6 43. Re7 Rd7 44. Rxd7 Kxd7 45. Kf3 h5 46. Ke4 Kd6 47.
f5 b5 48. Kd4 a4 49. bxa4 bxa4 50. f3 a3 51. Kc3 Ke5 52. Kb3 Kxf5 53. Kxa3 Ke5
54. Kb4 f5 55. Kc3 f4 56. gxf4+ 1/2-1/2

[Event "TCh-FRA Top 12 2019"]
[Site "Brest FRA"]
[Date "2019.05.24"]
[Round "7.3"]
[Board "2"]
[White "Lagarde, Maxime"]
[Black "Wirig, Anthony"]
[Result "1/2-1/2"]
[WhiteTitle "GM"]
[BlackTitle "GM"]
[WhiteElo "2600"]
[BlackElo "2516"]
[WhiteTeam "Nice Alekhine"]
[BlackTeam "Grasse Echecs"]
[WhiteFideId "662399"]
[BlackFideId "615013"]
[EventDate "2019.05.18"]

1. e4 c5 2. Nf3 e6 3. d4 cxd4 4. Nxd4 Nc6 5. Nc3 d6 6. Bc4 Nf6 7. Bb3 a6 8. Be3
Na5 9. g4 d5 10. e5 Nd7 11. f4 Nb6 12. Qf3 Nbc4 13. O-O-O Qc7 14. Bf2 Bd7 15.
Kb1 Bb4 16. Be1 Be7 17. Bg3 O-O 18. f5 Nxb3 19. axb3 Nxe5 20. Qf4 Bd6 21. f6 Bc6
22. Rhe1 gxf6 23. Qxf6 Nd7 24. Qh6 Bxg3 25. hxg3 Rfe8 26. Rh1 Nf8 27. Rh5 f6 28.
Qxf6 Qg7 29. Qh4 Re7 30. Nce2 Be8 31. Rg5 Bg6 32. Nf4 Rae8 33. Nh5 Qf7 34. Rh1
Qf2 35. Nf5 exf5 36. Nf6+ Kf7 37. Nxe8 Re1+ 38. Ka2 Kxe8 39. gxf5 Rxh1 40. Qxh1
Bf7 41. g4 Qxc2 42. Rg7 Qd2 43. g5 Qf4 44. f6 Qd2 45. Qh3 1/2-1/2

[Event "TCh-FRA Top 12 2019"]
[Site "Brest FRA"]
[Date "2019.05.24"]
[Round "7.3"]
[Board "3"]
[White "Santos Ruiz, Miguel"]
[Black "Eljanov, Pavel"]
[Result "1/2-1/2"]
[WhiteTitle "GM"]
[BlackTitle "GM"]
[WhiteElo "2549"]
[BlackElo "2661"]
[WhiteTeam "Grasse Echecs"]
[BlackTeam "Nice Alekhine"]
[WhiteFideId "22291482"]
[BlackFideId "14102951"]
[EventDate "2019.05.18"]

1. e4 c6 2. d4 d5 3. exd5 cxd5 4. Bd3 Nf6 5. c3 Bg4 6. Qb3 Qc7 7. h3 Bh5 8. Ne2
Nc6 9. Bf4 Qd7 10. O-O e6 11. Re1 Be7 12. Nd2 O-O 13. Bg3 Bd6 14. Nf4 Rab8 15.
a4 1/2-1/2

[Event "TCh-FRA Top 12 2019"]
[Site "Brest FRA"]
[Date "2019.05.24"]
[Round "7.3"]
[Board "6"]
[White "Rambaldi, Francesco"]
[Black "Milliet, Sophie"]
[Result "1/2-1/2"]
[WhiteTitle "GM"]
[BlackTitle "IM"]
[WhiteElo "2558"]
[BlackElo "2400"]
[WhiteTeam "Nice Alekhine"]
[BlackTeam "Grasse Echecs"]
[WhiteFideId "20657307"]
[BlackFideId "623725"]
[EventDate "2019.05.18"]

1. Nf3 c5 2. c4 Nc6 3. d4 cxd4 4. Nxd4 Nf6 5. Nc3 e6 6. e4 Bb4 7. Nxc6 bxc6 8.
Bd3 e5 9. O-O Bc5 10. Re1 O-O 11. Na4 Bd4 12. Be3 Bxe3 13. Rxe3 d5 14. exd5 cxd5
15. Rxe5 Ng4 16. Rh5 g6 17. Rh3 Nxf2 18. Kxf2 Bxh3 19. gxh3 dxc4 20. Bf1 Qc7 21.
Kg1 Rad8 22. Qc2 1/2-1/2

[Event "TCh-FRA Top 12 2019"]
[Site "Brest FRA"]
[Date "2019.05.24"]
[Round "7.3"]
[Board "7"]
[White "Loiseau, Quentin"]
[Black "Flear, Glenn C"]
[Result "1/2-1/2"]
[WhiteTitle "IM"]
[BlackTitle "GM"]
[WhiteElo "2471"]
[BlackElo "2445"]
[WhiteTeam "Grasse Echecs"]
[BlackTeam "Nice Alekhine"]
[WhiteFideId "665274"]
[BlackFideId "400165"]
[EventDate "2019.05.18"]

1. c4 e6 2. Nf3 d5 3. d4 Nf6 4. Nc3 c6 5. Bg5 Nbd7 6. e3 Qa5 7. cxd5 exd5 8. Bd3
Ne4 9. O-O Nxc3 10. bxc3 h6 11. Bh4 Bd6 12. c4 dxc4 13. Bxc4 Nb6 14. Bb3 Qh5 15.
h3 O-O 16. Bc2 Be6 17. g4 Bxg4 18. hxg4 Qxg4+ 19. Bg3 Bxg3 20. fxg3 Qxg3+ 21.
Kh1 Nd5 22. Qd3 g6 23. Rae1 Rfe8 24. e4 Nb4 25. Qd2 Nxc2 26. Qxc2 Rad8 27. Qh2
Qxh2+ 28. Kxh2 Re6 29. Kg3 Rde8 30. e5 Rd8 31. Rb1 Re7 32. Rb4 Rd5 33. Rfb1 b6
34. Rc1 Rc7 35. Rbc4 c5 36. Kf4 f5 37. dxc5 Rcxc5 38. Rxc5 bxc5 39. Rb1 Kf7 40.
Rb8 Rd3 41. Ne1 Rd1 42. Nf3 Rd3 43. Ne1 Rd1 44. Nf3 1/2-1/2

[Event "TCh-FRA Top 12 2019"]
[Site "Brest FRA"]
[Date "2019.05.24"]
[Round "7.3"]
[Board "8"]
[White "De Seroux, Camille"]
[Black "Riff, Vincent"]
[Result "0-1"]
[WhiteTitle "WFM"]
[BlackTitle "FM"]
[WhiteElo "2143"]
[BlackElo "2399"]
[WhiteTeam "Nice Alekhine"]
[BlackTeam "Grasse Echecs"]
[WhiteFideId "1305620"]
[BlackFideId "617776"]
[EventDate "2019.05.18"]

1. e4 c5 2. Nc3 Nc6 3. Nge2 g6 4. g3 Bg7 5. Bg2 d6 6. d3 e6 7. O-O Nge7 8. Be3
Nd4 9. f4 Nec6 10. Qd2 O-O 11. Nd1 Nxe2+ 12. Qxe2 b6 13. g4 d5 14. e5 f6 15.
exf6 Qxf6 16. c3 Bd7 17. Nf2 Rae8 18. Rae1 Kh8 19. Qd1 Qh4 20. d4 cxd4 21. cxd4
Na5 22. Nd3 Nc4 23. Bf2 Qd8 24. h3 Nd6 25. Qc2 Bb5 26. Be3 Ne4 27. Rf3 Qc8 28.
Qd1 Qc4 29. Ne5 Qxa2 30. b3 Nc3 31. Qa1 Qxa1 32. Rxa1 a5 33. Rf2 Rc8 34. Kh2 Ne4
35. Rb2 Rc3 36. Re1 Rfc8 37. Bxe4 dxe4 38. Nf7+ Kg8 39. Ng5 Rxe3 40. Rxe3 Bxd4
41. Rbe2 Bxe3 42. Rxe3 Bd3 43. Nxe6 Rc3 44. Nd4 b5 45. f5 a4 46. bxa4 bxa4 47.
Re1 a3 48. Ra1 Bc4 49. Rb1 a2 50. Rb8+ Kf7 51. Rb7+ Kf6 0-1

[Event "TCh-FRA Top 12 2019"]
[Site "Brest FRA"]
[Date "2019.05.24"]
[Round "7.4"]
[Board "1"]
[White "Tabatabaei, M.amin"]
[Black "Ragger, Markus"]
[Result "1/2-1/2"]
[WhiteTitle "GM"]
[BlackTitle "GM"]
[WhiteElo "2610"]
[BlackElo "2682"]
[WhiteTeam "Cannes Echecs"]
[BlackTeam "Bischwiller"]
[WhiteFideId "12521213"]
[BlackFideId "1610856"]
[EventDate "2019.05.18"]

1. d4 Nf6 2. c4 g6 3. Nc3 d5 4. Bf4 Bg7 5. e3 O-O 6. cxd5 Nxd5 7. Nxd5 Qxd5 8.
Bxc7 Na6 9. Bxa6 Qxg2 10. Qf3 Qxf3 11. Nxf3 bxa6 12. Rc1 f6 13. Rg1 Rf7 14. b3
Bb7 15. Ke2 Re8 16. Nd2 Bf8 17. Nc4 e5 18. Bd6 exd4 19. Bxf8 Rexf8 20. Nd6 Rd7
21. Nxb7 d3+ 22. Kd2 Rxb7 23. Rc6 a5 24. Rg4 Rb5 25. Kxd3 Rh5 26. h4 Rd8+ 27.
Ke2 Rhd5 28. Rxf6 Rd2+ 29. Kf3 Rxa2 30. Ra4 Rb2 31. Rxa5 Rd7 32. Rb5 Kg7 33. Rf4
h5 34. Kg3 Re7 35. Rb8 Rc7 36. Rb5 Re7 37. b4 Rc7 38. Rd5 Rb7 39. Rdd4 Rb3 40.
Rc4 Rb2 41. Rc6 R2xb4 42. Rxb4 Rxb4 43. Rc7+ Kf6 44. Rxa7 Rg4+ 45. Kh3 Rg1 46.
Ra6+ Kf7 47. Ra4 Kf6 48. Kh2 Re1 49. Kg2 Ke6 50. Ra3 Kf6 51. f3 Kf7 52. Kg3 Rh1
53. Ra7+ Kf6 54. Ra6+ Kf7 55. e4 Kg7 56. Kf4 Kh6 57. Kg3 Kg7 58. Ra2 Kf6 59. Rh2
Rf1 60. Kf4 Kf7 61. Ra2 Rh1 62. Ra7+ Ke6 63. Ra6+ Kf7 64. Kg3 1/2-1/2

[Event "TCh-FRA Top 12 2019"]
[Site "Brest FRA"]
[Date "2019.05.24"]
[Round "7.4"]
[Board "3"]
[White "Praggnanandhaa, R"]
[Black "Naiditsch, Arkadij"]
[Result "1/2-1/2"]
[WhiteTitle "GM"]
[BlackTitle "GM"]
[WhiteElo "2536"]
[BlackElo "2682"]
[WhiteTeam "Cannes Echecs"]
[BlackTeam "Bischwiller"]
[WhiteFideId "25059530"]
[BlackFideId "4650891"]
[EventDate "2019.05.18"]

1. e4 e5 2. Nf3 Nc6 3. Bb5 Nf6 4. O-O Nxe4 5. Re1 Nd6 6. Nxe5 Be7 7. Bf1 Nxe5 8.
Rxe5 O-O 9. d4 Ne8 10. c4 d6 11. Re1 Bg5 12. Nc3 Bxc1 13. Rxc1 Nf6 14. Qf3 Rb8
15. h3 Bd7 16. b4 Re8 17. c5 Rxe1 18. Rxe1 dxc5 19. dxc5 Be6 20. Rd1 Qe7 21. Qg3
Rd8 22. Rxd8+ Qxd8 23. Nb5 Bxa2 24. Qxc7 Qxc7 25. Nxc7 Kf8 26. g4 Ke7 27. Nb5
Nd5 28. Nxa7 Nxb4 29. Nb5 Bd5 30. Nd4 g5 31. h4 gxh4 32. Kh2 Be4 33. Kh3 Kf6 34.
Kxh4 Ke5 35. Nb5 Bd3 36. Bxd3 Nxd3 37. Kh5 Kd5 38. f3 Kxc5 39. Na3 Kd5 40. Kh6
Ne5 41. Kxh7 Nxf3 42. Kg7 Ke6 43. Nb5 Ng5 44. Nd4+ Ke5 45. Nb5 f6 46. Nc3 Nh3
47. Kg6 Nf2 48. Kh5 Ne4 49. Nb5 Nd6 50. Nc7 Ne4 51. Nb5 Kf4 52. Nc7 Nc5 53. Kg6
Nd7 54. Kf7 Ke5 55. Kg6 Nc5 56. Nb5 Ne4 1/2-1/2

[Event "TCh-FRA Top 12 2019"]
[Site "Brest FRA"]
[Date "2019.05.24"]
[Round "7.4"]
[Board "4"]
[White "Fressinet, Laurent"]
[Black "Bressac, Stephane"]
[Result "1-0"]
[WhiteTitle "GM"]
[BlackTitle "FM"]
[WhiteElo "2640"]
[BlackElo "2358"]
[WhiteTeam "Bischwiller"]
[BlackTeam "Cannes Echecs"]
[WhiteFideId "608742"]
[BlackFideId "655945"]
[EventDate "2019.05.18"]

1. e4 d6 2. d4 Nf6 3. Nc3 e5 4. Nf3 Nbd7 5. Bc4 Be7 6. O-O O-O 7. a4 c6 8. h3 a5
9. Re1 Nb6 10. Ba2 Nfd7 11. dxe5 dxe5 12. Be3 Qc7 13. Ng5 Nf6 14. Qd3 Nh5 15.
Nf3 Nd7 16. Qc4 Nb6 17. Qe2 Nd7 18. Rad1 Nc5 19. Ng5 Nf4 20. Bxf4 exf4 21. Qh5
Bxg5 22. Qxg5 Qb6 23. Qxf4 Be6 24. Bxe6 Nxe6 25. Qc1 Qb4 26. Re3 Rad8 27. b3
Rfe8 28. e5 Nc5 29. Rde1 b5 30. axb5 cxb5 31. Rd1 a4 32. Nd5 Qh4 33. bxa4 bxa4
34. c4 Nb3 35. Qc3 Rc8 36. Nb6 Rcd8 37. Rd5 Qh5 38. g4 Qg6 39. Nxa4 Qb1+ 40. Kg2
Rb8 41. Rb5 Ra8 1-0